|
|
|
|
| LEADER |
01740nam a2200409 a 4500 |
| 001 |
nkc20061685802 |
| 003 |
CZ PrNK |
| 005 |
20070202141701.0 |
| 007 |
ta |
| 008 |
060816s2006 xr e p 000 0 cze |
| 015 |
|
|
|a cnb001685802
|
| 020 |
|
|
|a 80-248-1133-2
|q (brož.) :
|c neprodejné
|
| 035 |
|
|
|a (OCoLC)85719516
|
| 040 |
|
|
|a OLA001
|b cze
|d ABA001
|
| 072 |
|
7 |
|a 616
|x Patologie. Klinická medicína
|2 Konspekt
|9 14
|
| 072 |
|
7 |
|a 37.016
|x Učební osnovy. Vyučovací předměty. Učebnice
|2 Konspekt
|9 22
|
| 080 |
|
|
|a 616-083
|2 MRF
|
| 080 |
|
|
|a (075.8)
|2 MRF
|
| 100 |
1 |
|
|a Vrublová, Yvetta
|7 mzk2004261310
|4 aut
|
| 245 |
1 |
0 |
|a Vybrané kapitoly z ošetřovatelství /
|c Yveta [i.e. Yvetta] Vrublová
|
| 250 |
|
|
|a 1. vyd.
|
| 260 |
|
|
|a Ostrava :
|b VŠB - Technická univerzita Ostrava,
|c 2006
|
| 300 |
|
|
|a 60 s. ;
|c 25 cm
|
| 500 |
|
|
|a "Skripta byla vydána v rámci projektu OPRLZ CZ.04.1.03/3.2.15.1/0020 Rozvoj oboru Biomedicínská technika a zvýšení uplatnitelnosti jeho absolventů na trhu práce v návaznosti na zákon č. 96/2004 Sb."--Rub tit. s.
|
| 500 |
|
|
|a 150 výt.
|
| 504 |
|
|
|a Obsahuje bibliografii a bibliografické odkazy
|
| 650 |
0 |
7 |
|a ošetřovatelství
|7 ph123893
|2 czenas
|
| 650 |
0 |
9 |
|a nursing
|2 eczenas
|
| 655 |
|
7 |
|a učebnice vysokých škol
|7 fd133772
|2 czenas
|
| 655 |
|
9 |
|a textbooks (higher)
|2 eczenas
|
| 856 |
4 |
1 |
|u http://www.digitalniknihovna.cz/mzk/uuid/uuid:2a2aeaa0-5bea-11e7-8ee1-005056827e51
|y Digitalizovaný dokument
|x NDK
|
| 910 |
2 |
|
|a BOA001
|b 3-1177.663
|
| 928 |
9 |
|
|a Vysoká škola báňská - Technická univerzita Ostrava
|
| 990 |
|
|
|a BK
|
| 995 |
|
|
|a 01
|
| 991 |
|
|
|b 200701
|c NOV
|
| 996 |
6 |
|
|b 2610295506
|c 3-1177.663
|l MZK
|r Sklad / do 1 hodiny
|n 1
|p p.v.
|w 000834024
|u 000010
|a 1
|e BOA001
|j MZK50
|s P
|